<?xml version="1.0" encoding="UTF-8"?>
<collection xmlns="http://www.loc.gov/MARC21/slim">
<record>
  <controlfield tag="000">01242cam\a22004455i\4500</controlfield>
  <controlfield tag="001">42353</controlfield>
  <controlfield tag="003">SzGeWIPO</controlfield>
  <controlfield tag="005">20260114144333.0</controlfield>
  <controlfield tag="006">m\\\\e\\\d\\\\\\\\</controlfield>
  <controlfield tag="008">210216s2020\\\\sz\\\\\\\\\\\\000\0\spa\d</controlfield>
  <datafield tag="024" ind1="7" ind2=" ">
    <subfield code="2">doi</subfield>
    <subfield code="a">10.34667/tind.42353</subfield>
  </datafield>
  <datafield tag="035" ind1=" " ind2=" ">
    <subfield code="a">(OCoLC)1248937833</subfield>
  </datafield>
  <datafield tag="035" ind1=" " ind2=" ">
    <subfield code="a">WIPO/PUB/FINSTATEMENTS/2019/ES</subfield>
  </datafield>
  <datafield tag="040" ind1=" " ind2=" ">
    <subfield code="a">SzGeWIPO</subfield>
    <subfield code="b">eng</subfield>
    <subfield code="e">rda</subfield>
    <subfield code="c">SzGeWIPO</subfield>
    <subfield code="d">CaBNVSL</subfield>
  </datafield>
  <datafield tag="041" ind1=" " ind2=" ">
    <subfield code="a">spa</subfield>
  </datafield>
  <datafield tag="110" ind1="2" ind2=" ">
    <subfield code="a">World Intellectual Property Organization</subfield>
    <subfield code="0">59046</subfield>
  </datafield>
  <datafield tag="245" ind1="1" ind2="0">
    <subfield code="a">Informe Financiero y Estados Financieros Anuales :</subfield>
    <subfield code="b">Ejercicio Concluido el 31.12.2019</subfield>
  </datafield>
  <datafield tag="264" ind1=" " ind2="1">
    <subfield code="a">Geneva, Switzerland :</subfield>
    <subfield code="b">World Intellectual Property Organization,</subfield>
    <subfield code="c">2020</subfield>
  </datafield>
  <datafield tag="300" ind1=" " ind2=" ">
    <subfield code="a">54 pages ;</subfield>
    <subfield code="c">[28] cm</subfield>
  </datafield>
  <datafield tag="336" ind1=" " ind2=" ">
    <subfield code="a">text</subfield>
    <subfield code="b">txt</subfield>
    <subfield code="2">rdacontent</subfield>
  </datafield>
  <datafield tag="337" ind1=" " ind2=" ">
    <subfield code="a">unmediated</subfield>
    <subfield code="b">n</subfield>
    <subfield code="2">rdamedia</subfield>
  </datafield>
  <datafield tag="338" ind1=" " ind2=" ">
    <subfield code="a">volume</subfield>
    <subfield code="b">nc</subfield>
    <subfield code="2">rdacarrier</subfield>
  </datafield>
  <datafield tag="516" ind1=" " ind2=" ">
    <subfield code="a">Digital publication</subfield>
  </datafield>
  <datafield tag="520" ind1=" " ind2=" ">
    <subfield code="a">Los estados financieros de la OMPI se presentan a las Asambleas de los Estados miembros de conformidad con el Reglamento Financiero y la Reglamentación Financiera.</subfield>
  </datafield>
  <datafield tag="542" ind1=" " ind2=" ">
    <subfield code="f">License: CC BY 3.0 IGO</subfield>
  </datafield>
  <datafield tag="610" ind1="2" ind2="0">
    <subfield code="a">Organización Mundial de la Propiedad Intelectual.</subfield>
  </datafield>
  <datafield tag="856" ind1="4" ind2=" ">
    <subfield code="u">https://tind.wipo.int/record/42353/files/wipo_pub_finstatements_2019.pdf</subfield>
    <subfield code="9">846526bc-d43a-4cb2-a7bf-8f0361a71ab5</subfield>
    <subfield code="s">720130</subfield>
    <subfield code="y">10.34667/tind.42353</subfield>
  </datafield>
  <datafield tag="901" ind1=" " ind2=" ">
    <subfield code="a">WIPO/PUB/FINSTATEMENTS/2019</subfield>
  </datafield>
  <datafield tag="902" ind1=" " ind2=" ">
    <subfield code="a">42353_es</subfield>
  </datafield>
  <datafield tag="904" ind1=" " ind2=" ">
    <subfield code="a">Book</subfield>
  </datafield>
  <datafield tag="909" ind1=" " ind2=" ">
    <subfield code="o">oai:tind.wipo.int:42353</subfield>
    <subfield code="p">WIPOPUB</subfield>
  </datafield>
  <datafield tag="909" ind1=" " ind2=" ">
    <subfield code="o">oai:tind.wipo.int:42353</subfield>
    <subfield code="p">WIPOPUB</subfield>
  </datafield>
  <datafield tag="909" ind1="C" ind2="O">
    <subfield code="o">oai:tind.wipo.int:42353</subfield>
    <subfield code="p">WIPO_OAI</subfield>
    <subfield code="p">WIPOPUB</subfield>
  </datafield>
  <datafield tag="980" ind1=" " ind2=" ">
    <subfield code="a">WIPOPUB</subfield>
  </datafield>
  <datafield tag="980" ind1=" " ind2=" ">
    <subfield code="a">WIPOOAI</subfield>
  </datafield>
</record>
</collection>